| 000 | 00607nam a2200229Ia 4500 | ||
|---|---|---|---|
| 003 | OSt | ||
| 005 | 20230324145802.0 | ||
| 008 | 210423s2006 xx 000 0 und d | ||
| 020 | _a8181284186 | ||
| 040 | _cAL | ||
| 041 | _aeng | ||
| 082 |
_a337 _223 _bGANG |
||
| 100 |
_aGANDOLFO (Giancarlo) _952834 |
||
| 245 | _aElements of international economics | ||
| 260 |
_aNew Delhi _bSpringer Pvt Ltd _c2006 |
||
| 300 |
_axv,335 _bPB |
||
| 365 |
_b495 _cINR |
||
| 650 |
_aEconomics _952835 |
||
| 650 |
_aInternational Economics _952836 |
||
| 906 | _aeconomics ; Elements ; international | ||
| 942 |
_2ddc _cBK |
||
| 999 |
_c155831 _d155831 |
||